| 000 | 00623nam a2200241#a 4500 | ||
|---|---|---|---|
| 001 | 00577 | ||
| 003 | HDC | ||
| 007 | ta | ||
| 008 | 230623s2009 xx 000 0 eng d | ||
| 020 | _a9789830972053 (pbk.). | ||
| 040 | _aHDC | ||
| 050 |
_aHG 179 _b.R64 2009 |
||
| 100 | _aRohani Datuk Mohd Shahir | ||
| 245 | 0 |
_aKemana wang anda / _cHajah Rohani Datuk Hj Mohd Shahir. |
|
| 264 |
_aPetaling Jaya : _bGaleri Ilmu, _c2009 |
||
| 300 |
_axi,214p. : _b ill. ; _c 21cm |
||
| 500 | _aIncludes bibliographical | ||
| 650 | _aFinance, Personal | ||
| 942 | _2lcc | ||
| 942 | _cBK | ||
| 942 | _kHG 179 | ||
| 942 | _m.R64 2009 | ||
| 999 |
_c22218 _d22218 |
||